Reconfiguring knowledge production (Registro nro. 309137)
[ vista simple ]
| 000 -ENCABEZADO | |
|---|---|
| Número de control [NR] | 01160cam a2200265Mi 4500 |
| 005 - FECHA Y HORA DE LA ÚLTIMA TRANSACCIÓN | |
| control field | 20180226155959.0 |
| 008 - DE LONGITUD FIJA DE DATOS DE ELEMENTOS - INFORMACIÓN GENERAL | |
| Elementos de longitud fija [NR] | 180226s2010 enka rb 001 0 eng d |
| 020 ## - NUMERO INTERNACIONAL NORMALIZADO PARA LIBROS [R] | |
| ISBN Cancelado/ Invalidado [R] | 0199590192 |
| 020 ## - NUMERO INTERNACIONAL NORMALIZADO PARA LIBROS [R] | |
| Número Internacional Normalizado del libro [NR] | 9780199590193 |
| 035 ## - NUMERO DE CONTROL DEL SISTEMA [R] | |
| Número de control del sistema [NR] | (OCoLC)665132080 |
| 040 ## - FUENTE DE CATALOGACION [NR] | |
| Agencia de catalogación original [NR] | CO-BoUCM |
| Quien Cataloga | Sandra Palacio |
| Quien Clasifica | Sandra Palacio |
| 041 0# - CODIGO DE IDIOMA [R] | |
| Código de idioma para texto/pista de sonido o título separado [R] | Inglés |
| 245 00 - MENCION DE TITULO [NR] | |
| Título [NR] | Reconfiguring knowledge production |
| Parte restante del título [NR] | changing authority relationships in the sciences and their consequences for intellectual innovation |
| Mención de responsabilidad, etc. [NR] | editado por Richard Whitley, Jochen Gläser, Lars Engwall |
| 260 ## - PUBLICACION, DISTRIBUCION, ETC. (PIE DE IMPRENTA) [R] | |
| Lugar de publicación, distribución, etc. [R] | Oxford (Inglaterra) |
| Nombre del editor, distribuidor, etc. [R] | Oxford University Press |
| Fecha de publicación, distribución, etc. [R] | 2010 |
| 300 ## - DESCRIPCION FISICA [R] | |
| Extensión [R] | xv, 387 páginas |
| 650 17 - ASIENTO SECUNDARIO DE MATERIA - TERMINO TEMATICO [R] | |
| Término temático o nombre geográfico como elemento de entrada [NR] | Investigación |
| Subdivisión general [R] | Política gubernamental |
| 9 (RLIN) | 17968 |
| 650 27 - ASIENTO SECUNDARIO DE MATERIA - TERMINO TEMATICO [R] | |
| Término temático o nombre geográfico como elemento de entrada [NR] | Investigación |
| Subdivisión de forma [R] | Estudio de casos |
| Subdivisión general [R] | Política gubernamental |
| 9 (RLIN) | 17968 |
| 650 27 - ASIENTO SECUNDARIO DE MATERIA - TERMINO TEMATICO [R] | |
| Término temático o nombre geográfico como elemento de entrada [NR] | Ciencia y estado |
| 9 (RLIN) | 10785 |
| 650 27 - ASIENTO SECUNDARIO DE MATERIA - TERMINO TEMATICO [R] | |
| Término temático o nombre geográfico como elemento de entrada [NR] | Ciencia y Estado |
| Subdivisión de forma [R] | Estudio de casos |
| 9 (RLIN) | 10785 |
| 700 1# - ASIENTO SECUNDARIO - NOMBRE PERSONAL [R] | |
| Nombre personal [NR] | Whitley, Richard |
| Forma más completa del nombre [NR] | (Richard D.) |
| Títulos u otras palabras asociadas con el nombre [R] | Professor of organisational sociology |
| Fechas asociadas con el nombre [NR] | 1944- |
| Término de relación [R] | editor |
| 9 (RLIN) | 91588 |
| 700 1# - ASIENTO SECUNDARIO - NOMBRE PERSONAL [R] | |
| Nombre personal [NR] | Gläser, Jochen |
| Término de relación [R] | editor |
| 9 (RLIN) | 91589 |
| 700 1# - ASIENTO SECUNDARIO - NOMBRE PERSONAL [R] | |
| Nombre personal [NR] | Engwall, Lars |
| Término de relación [R] | editor |
| 9 (RLIN) | 91590 |
| 942 ## - ELEMENTOS DE ENTRADA AGREGADOS (KOHA) | |
| Sistema de clasificación | DEWEY |
| Tipo de ítem principal el descrito en 300a | Libro |
| Tema principal | Ciencias puras |
| Edición | 1 |
| Clasificación | 507.2 |
| Parte restante de la signatura top. | R311rk |
| Fecha de último préstamo | Total préstamos | Signatura topográfica | Código de barras | Última vez visto | Ejemplar | Costo de reposición | Price effective from | Tipo de ítem | Perdido | Sistema de clasificación | Dañado | No prestable | Tipo de ítem específico | Suprimido | Ubicación habitual | Ubicación actual | Localización | Fecha de creación | Proveedor | Forma de adquisición | Costo |
|---|---|---|---|---|---|---|---|---|---|---|---|---|---|---|---|---|---|---|---|---|---|
| 09/05/2018 | 2 | 507.2 R311rk | 100156585 | 05/12/2025 | Ej.1 | 164576.00 | 20/02/2018 | Libro | DEWEY | Libro | Claustro | Claustro | 2do piso | 20/02/2018 | 37 | Compra | 164576.00 |